Normal view MARC view

Entry Personal Name

Number of records used in: 1

001 - CONTROL NUMBER

  • control field: 13817

003 - CONTROL NUMBER IDENTIFIER

  • control field: OSt

005 - DATE AND TIME OF LATEST TRANSACTION

  • control field: 20211105133727.0

008 - FIXED-LENGTH DATA ELEMENTS

  • fixed length control field: 211105|| aca||aabn | a|a d

040 ## - CATALOGING SOURCE

  • Original cataloging agency: OSt
  • Transcribing agency: OSt

100 ## - HEADING--PERSONAL NAME

  • Personal name: Lu, Phillip K

670 ## - SOURCE DATA FOUND

  • Source citation: Work cat.: (OSt): Lu, Phillip K, Preliminary Catalogue of the Positions and Proper Motions of Stars Between Declination-70 degrees and -90 degrees Reduce, 1971

Powered by Koha